Integrated water resources management : issues and options in selected African countries (Record no. 77465)

MARC details
000 -LEADER
fixed length control field 00826nam a2200157 a 4500
008 - FIXED-LENGTH DATA ELEMENTS--GENERAL INFORMATION
fixed length control field 100202s1999 ||||||||||||||||| || u
050 ## - LIBRARY OF CONGRESS CALL NUMBER
Classification number UN-ECA(02)
110 ## - MAIN ENTRY--CORPORATE NAME
Corporate name or jurisdiction name as entry element United Nations Economic Commission For Africa(UNECA)
245 10 - TITLE STATEMENT
Title Integrated water resources management : issues and options in selected African countries
260 ## - PUBLICATION, DISTRIBUTION, ETC.
Place of publication, distribution, etc. Addis Ababa
Name of publisher, distributor, etc. UNITED NATIONS
Date of publication, distribution, etc. 1999
300 ## - PHYSICAL DESCRIPTION
Extent 76 pages : illustrations
350 ## -
-- 0.00
650 ## - SUBJECT ADDED ENTRY--TOPICAL TERM
Topical term or geographic name entry element WATER RESOURCES DEVELOPMENT POLICY--ZAMBIA
995 ## -
-- SPECIAL COLLECTIONS
-- 0.00
-- 03006311
-- CBU-MAIN LIBRARY (Kitwe)
-- 1
-- 0.00
-- UN-ECA(02)1999/ 2A
-- 1
-- AVAILABLE
-- May 10, 2010
-- 03006311
-- International Publications
995 ## -
-- SPECIAL COLLECTIONS
-- 0.00
-- 03007511
-- CBU-MAIN LIBRARY (Kitwe)
-- 1
-- 0.00
-- UN-ECA(02)1999/ 2B
-- 2
-- AVAILABLE
-- Jan 26, 2011
-- 03007511
-- International Publications
999 ## -
-- 77465
-- 77465
Holdings
Withdrawn status Lost status Source of classification or shelving scheme Damaged status Not for loan Permanent Location Current Location Shelving location Date acquired Total Checkouts Full call number Barcode Date last seen Copy number Price effective from Koha item type
          CBU-MAIN LIBRARY, KITWE. CBU-MAIN LIBRARY, KITWE.   04/27/2023   UN-ECA(02)1999/2A 03006311 04/27/2023 1 04/27/2023 SPECIAL COLLECTION
          CBU-MAIN LIBRARY, KITWE. CBU-MAIN LIBRARY, KITWE.   04/27/2023   UN-ECA(02)1999/2B 03007511 04/27/2023 2 04/27/2023 SPECIAL COLLECTION